000 00557cam a22002291 4500
001 sa 63002597
003 DLC
005 20260227111935.0
008 940805s1962 ii 000 1 beno
010 _asa 63002597
025 _aPL480:I-B-488
035 _a(OCoLC)30890560
040 _aDLC
_cCU
_dCU
_dDLC
042 _apremarc
050 0 0 _aPK1718.S28
_bN3
100 1 _aSanyal, Diptendrakumar,
_d1924-
245 1 0 _aNanīgopālera biẏera para.
260 _c[1962]
300 _a108 p.
_c23 cm.
500 _aIn Bengali.
500 _aA novel.
999 _c54547
_d54547